000 00333nam a2200145Ia 4500
100 _aBakshi U A/ Godse/ A.P.
250 _a2
942 _cBK
654 _aelectrical
245 _aBasic Electrical and electronics Engineering
260 _bTech Publication
_c2001
082 _a621.381
_bBAK
300 _a696
546 _aENGLISH
999 _c19721
_d19721